[Event "World Rapid 2025"]
[Site "Doha QAT"]
[Date "2025.12.27"]
[Round "9.18"]
[White "Narayanan, S.L."]
[Black "Nepomniachtchi, Ian"]
[Result "0-1"]
[WhiteTitle "GM"]
[BlackTitle "GM"]
[WhiteElo "2616"]
[BlackElo "2723"]
[WhiteFideId "5058422"]
[BlackFideId "4168119"]
[EventDate "2025.12.26"]

1. d4 Nf6 2. c4 e6 3. Nf3 d5 4. Nc3 Be7 5. Bf4 O-O 6. e3 c5 7. dxc5 Bxc5 8. a3
Nc6 9. b4 Be7 10. cxd5 Nxd5 11. Nxd5 exd5 12. Bd3 Bf6 13. Rc1 Bg4 14. O-O Qe7
15. b5 Ne5 16. Be2 Bxf3 17. Bxf3 Nxf3+ 18. Qxf3 Rfd8 19. a4 Rd7 20. h3 h6 21.
Rfd1 Rad8 22. Rd3 Qb4 23. Qd1 Qe4 24. Rc7 Rxc7 25. Bxc7 Rc8 26. Bd6 Rc4 27. Rxd5
Rxa4 28. Qd3 Qxd3 29. Rxd3 a6 30. bxa6 bxa6 31. Ba3 a5 32. g4 Rc4 33. Rd5 a4 34.
Ra5 Bh4 35. f4 Rc3 36. Rxa4 Rxe3 37. Bc5 Rxh3 38. Ra3 Rxa3 39. Bxa3 g6 40. f5
gxf5 41. gxf5 Kg7 42. Kg2 h5 43. Kh3 Bg5 44. Bb2+ Kh6 45. Ba3 Kg7 46. Bb2+ Kf8
47. Kg3 Ke7 48. Kf3 Kd6 49. Ke4 Kc5 50. Be5 Kc4 51. f6 Kc5 52. Kf5 Bd2 53. Bg3
Kd4 54. Bh4 Kd3 55. Ke5 Kc4 56. Bf2 Bc3+ 57. Kf5 Bd4 58. Bh4 Be3 59. Ke4 Bc1 60.
Bf2 Bd2 61. Bh4 Kc5 62. Ke5 Kc6 63. Bf2 Bc1 64. Bh4 Kd7 65. Bf2 Ke8 66. Bc5 Bg5
67. Kf5 Bh4 68. Bd6 Kd7 69. Be5 Kc6 70. Ke4 Kc5 71. Bd4+ Kc4 72. Be5 Be1 73. Bf4
Bh4 74. Be5 Bg5 75. Kf5 Bd2 76. Bg3 Kd3 77. Bh4 Ke2 78. Ke5 Kf3 79. Kf5 Bf4 80.
Be1 Bg3 81. Bxg3 Kxg3 82. Kg5 h4 83. Kh6 h3 84. Kg7 h2 85. Kxf7 h1=Q 86. Kg8
Qa8+ 87. Kg7 Qa1 0-1

[Event "World Rapid 2025"]
[Site "Doha QAT"]
[Date "2025.12.27"]
[Round "9.19"]
[White "Hong, Andrew"]
[Black "Firouzja, Alireza"]
[Result "1/2-1/2"]
[WhiteTitle "GM"]
[BlackTitle "GM"]
[WhiteElo "2568"]
[BlackElo "2762"]
[WhiteFideId "2099438"]
[BlackFideId "12573981"]
[EventDate "2025.12.26"]

1. e4 c5 2. Nf3 d6 3. d4 cxd4 4. Nxd4 Nf6 5. Nc3 a6 6. Be3 e5 7. Nb3 Be7 8. f3
Be6 9. Qd2 h5 10. Nd5 Nxd5 11. exd5 Bf5 12. Be2 Bh4+ 13. g3 Be7 14. O-O-O a5 15.
Kb1 a4 16. Nc1 Qa5 17. Bd3 Qxd2 18. Rxd2 Bxd3 19. Nxd3 Nd7 20. c4 b6 21. Nb4 f5
22. Nc6 Bf6 23. h4 Kf7 24. f4 Rhe8 25. Rf1 exf4 26. Bxf4 Nc5 27. Nd4 Ne4 28. Rd3
Bxd4 29. Rxd4 g6 30. Rc1 Ke7 31. b4 axb3 32. axb3 Kd7 33. Kb2 Ra5 34. Re1 b5 35.
b4 Raa8 36. cxb5 Reb8 37. Ra1 Rxa1 38. Kxa1 Rxb5 39. Kb2 Nf6 40. Kb3 Rxd5 41.
Kc4 Rxd4+ 42. Kxd4 Kc6 43. b5+ Kxb5 44. Bxd6 Kc6 45. Bb8 Kd7 46. Ke5 Ke7 47.
Bd6+ Kf7 48. Bc7 Ne4 49. Kd5 Ke7 50. Bf4 Nc3+ 51. Ke5 Ne4 52. Kd5 Kf7 53. Bc7
Nf6+ 54. Ke5 Ne8 55. Bd8 Ng7 56. Bc7 Ne6 57. Bd6 Nd8 58. Kd5 Kf6 59. Be5+ Ke7
60. Bf4 Ne6 61. Bd6+ Kf6 62. Be5+ Kf7 63. Bd6 Ng7 64. Bc7 Ne8 65. Bf4 Nf6+ 66.
Ke5 Ne4 67. Kd5 g5 68. hxg5 Kg6 69. Kd4 Nxg5 70. Bxg5 Kxg5 71. Ke3 Kg4 72. Kf2 1/2-1/2

[Event "World Rapid 2025"]
[Site "Doha QAT"]
[Date "2025.12.27"]
[Round "9.20"]
[White "Petrov, Nikita"]
[Black "Caruana, Fabiano"]
[Result "0-1"]
[WhiteTitle "GM"]
[BlackTitle "GM"]
[WhiteElo "2578"]
[BlackElo "2795"]
[WhiteFideId "4101286"]
[BlackFideId "2020009"]
[EventDate "2025.12.26"]

1. d4 Nf6 2. c4 g6 3. g3 Bg7 4. Bg2 O-O 5. Nc3 Nc6 6. h3 Rb8 7. Nf3 d5 8. Ne5 e6
9. O-O Nxe5 10. dxe5 Nd7 11. cxd5 Nxe5 12. Be3 b6 13. Bd4 exd5 14. Nxd5 Bb7 15.
Bc3 c6 16. Nb4 Qe7 17. Qc2 Rbc8 18. Rac1 c5 19. Nd5 Bxd5 20. Bxd5 Nd7 21. Rfd1
b5 22. a4 b4 23. Bxg7 Kxg7 24. a5 Rfd8 25. b3 Nf6 26. Bf3 Rxd1+ 27. Qxd1 Qe5 28.
Qd3 Rc7 29. Qc4 Ne8 30. Rd1 Nd6 31. Qd5 Qxd5 32. Bxd5 Kf6 33. f4 Nb5 34. Bc4 Na3
35. Bd3 Ke7 36. Kf2 c4 37. bxc4 Rc5 38. a6 Rc6 39. Ke3 Rxa6 40. c5 Rc6 41. Kd4
a5 42. Kd5 Kd7 43. e4 Rc8 44. Ba6 b3 45. Bxc8+ Kxc8 46. Kc6 b2 47. Kb6 a4 48.
Ka5 0-1

[Event "World Rapid 2025"]
[Site "Doha QAT"]
[Date "2025.12.27"]
[Round "9.21"]
[White "Urkedal, Frode Olav Olsen"]
[Black "Giri, Anish"]
[Result "0-1"]
[WhiteTitle "GM"]
[BlackTitle "GM"]
[WhiteElo "2568"]
[BlackElo "2760"]
[WhiteFideId "1506102"]
[BlackFideId "24116068"]
[EventDate "2025.12.26"]

1. d4 Nf6 2. c4 e6 3. Nf3 b6 4. g3 Ba6 5. b3 Bb4+ 6. Bd2 Be7 7. Bg2 O-O 8. O-O
d5 9. Ne5 c5 10. dxc5 Qc7 11. Nd3 dxc4 12. bxc4 Bb7 13. Bxb7 Qxb7 14. Nc3 Rc8
15. cxb6 axb6 16. Rb1 Nbd7 17. Qb3 Qc6 18. Rfc1 Qxc4 19. Qxc4 Rxc4 20. Nb5 Rxc1+
21. Nxc1 Ne4 22. Bb4 Kf8 23. Bxe7+ Kxe7 24. f3 Nec5 25. Kf2 g5 26. Rb2 Ne5 27.
Nd4 Ra4 28. Ndb3 Ncd7 29. Nd2 f5 30. Rb3 h5 31. a3 h4 32. Nd3 Nxd3+ 33. Rxd3 h3
34. Rb3 Kd6 35. e4 f4 36. Rb5 e5 37. gxf4 gxf4 38. Ke2 Kc6 39. Rb3 Nc5 40. Rc3
Kb5 41. Rc2 Ne6 42. Rb2+ Ka6 43. Kf2 Nd4 44. Nb3 Nb5 45. Nc1 Rxa3 46. Rd2 Nd4
47. Nd3 Nc6 48. Ke2 Kb7 49. Kf2 Kc7 50. Ke2 Nd4+ 51. Kf2 Kd6 52. Ne1 b5 53. Nd3
Rc3 54. Ne1 b4 55. Ra2 b3 56. Ra6+ Kc7 0-1

[Event "World Rapid 2025"]
[Site "Doha QAT"]
[Date "2025.12.27"]
[Round "9.22"]
[White "Grischuk, Alexander"]
[Black "Indjic, Aleksandar"]
[Result "1-0"]
[WhiteTitle "GM"]
[BlackTitle "GM"]
[WhiteElo "2654"]
[BlackElo "2635"]
[WhiteFideId "4126025"]
[BlackFideId "911925"]
[EventDate "2025.12.26"]

1. e4 e5 2. Nf3 Nc6 3. Bb5 Bc5 4. c3 Nf6 5. d3 d6 6. Bg5 Bd7 7. Ba4 h6 8. Bh4 a6
9. Nbd2 Ba7 10. Qe2 Qe7 11. Bc2 g5 12. Bg3 h5 13. h3 h4 14. Bh2 Nh5 15. O-O-O
O-O-O 16. Nf1 Nf4 17. Bxf4 gxf4 18. N1h2 Rdg8 19. Ng4 f5 20. exf5 Bxf5 21. Rhe1
Re8 22. d4 e4 23. d5 Bxg4 24. dxc6 exf3 25. Qxe7 Rxe7 26. Rxe7 fxg2 27. hxg4
Bxf2 28. cxb7+ Kb8 29. Be4 h3 30. g5 d5 31. Bf3 Rg8 32. Kc2 c6 33. c4 g1=Q 34.
Rxg1 Bxg1 35. cxd5 cxd5 36. Bxd5 h2 37. Rh7 Rd8 38. Bf3 Ka7 39. g6 a5 40. Rh5
Bd4 41. Rxa5+ Kb6 42. Ra8 1-0

[Event "World Rapid 2025"]
[Site "Doha QAT"]
[Date "2025.12.27"]
[Round "9.23"]
[White "Santos Latasa, Jaime"]
[Black "Tabatabaei, M. Amin"]
[Result "1/2-1/2"]
[WhiteTitle "GM"]
[BlackTitle "GM"]
[WhiteElo "2616"]
[BlackElo "2700"]
[WhiteFideId "2293307"]
[BlackFideId "12521213"]
[EventDate "2025.12.26"]

1. e4 e5 2. Nf3 Nf6 3. Nxe5 d6 4. Nf3 Nxe4 5. d4 d5 6. Bd3 Be7 7. O-O Nc6 8. Re1
Bg4 9. Bxe4 dxe4 10. Rxe4 Bxf3 11. Qxf3 Nxd4 12. Qd1 Ne6 13. Re1 O-O 14. Be3
Qxd1 15. Rxd1 Rfd8 16. Nd2 Nd4 17. Bxd4 Rxd4 18. Nf3 Rdd8 19. Kf1 Bf6 20. c3 Kf8
21. Rxd8+ Rxd8 22. Ke2 Rd5 23. Nd2 h5 24. h3 g6 25. Nc4 Rc5 26. Kd3 Rf5 27. Ke2
Be7 28. Rd1 Ke8 29. Ne3 Ra5 30. a3 Re5 31. Kf1 a6 32. Nc4 Rc5 33. Ne3 Bd6 34.
Rd3 Kd7 35. b4 Rc6 36. c4 b6 37. Ke2 Ke6 38. g3 a5 39. c5 bxc5 40. bxa5 Be5 41.
Rd8 Bc3 42. Nc4 Ra6 43. Rc8 Kd5 44. Kd3 Bxa5 45. Rd8+ Ke6 46. Re8+ Kd7 47. Rf8
Ke7 48. Rc8 Kd7 49. Rf8 Ke7 50. Rc8 1/2-1/2

[Event "World Rapid 2025"]
[Site "Doha QAT"]
[Date "2025.12.27"]
[Round "9.24"]
[White "Radjabov, Teimour"]
[Black "Hakobyan, Aram"]
[Result "1/2-1/2"]
[WhiteTitle "GM"]
[BlackTitle "GM"]
[WhiteElo "2692"]
[BlackElo "2613"]
[WhiteFideId "13400924"]
[BlackFideId "13306677"]
[EventDate "2025.12.26"]

1. d4 Nf6 2. c4 e6 3. Nf3 d5 4. Nc3 Bb4 5. Bg5 h6 6. Bxf6 Qxf6 7. e3 O-O 8. Rc1
dxc4 9. Bxc4 c5 10. O-O cxd4 11. Ne4 Qe7 12. a3 1/2-1/2

[Event "World Rapid 2025"]
[Site "Doha QAT"]
[Date "2025.12.27"]
[Round "9.25"]
[White "Tin, Jingyao"]
[Black "Esipenko, Andrey"]
[Result "0-1"]
[WhiteTitle "GM"]
[BlackTitle "GM"]
[WhiteElo "2584"]
[BlackElo "2698"]
[WhiteFideId "5804418"]
[BlackFideId "24175439"]
[EventDate "2025.12.26"]

1. d4 d5 2. c4 e6 3. Nc3 Be7 4. Nf3 Nf6 5. Bf4 O-O 6. e3 Nbd7 7. cxd5 Nxd5 8.
Nxd5 exd5 9. Bd3 Bb4+ 10. Nd2 c5 11. Bd6 Re8 12. dxc5 Nxc5 13. Bxc5 Bxc5 14. O-O
Bb6 15. Nb3 Qg5 16. Qf3 Bc7 17. h3 g6 18. Rfd1 Qe5 19. Rac1 Re6 20. g3 Rf6 21.
Qg2 Bb6 22. Bf1 Rxf2 23. Qxf2 Bxe3 24. Qxe3 Qxe3+ 25. Kh2 Bf5 26. Rxd5 Qf2+ 27.
Bg2 Re8 28. Rf1 Qxb2 29. Rd2 Qc3 30. Bxb7 Re3 31. Rg2 a5 32. Rc1 Qb4 33. Bc8 Be4
34. Rf2 Qb8 0-1

[Event "World Rapid 2025"]
[Site "Doha QAT"]
[Date "2025.12.27"]
[Round "9.26"]
[White "Gurel, Ediz"]
[Black "Grandelius, Nils"]
[Result "1-0"]
[WhiteTitle "GM"]
[BlackTitle "GM"]
[WhiteElo "2645"]
[BlackElo "2664"]
[WhiteFideId "44507356"]
[BlackFideId "1710400"]
[EventDate "2025.12.26"]

1. e4 c5 2. Nf3 e6 3. d4 cxd4 4. Nxd4 Nc6 5. Nc3 Qc7 6. g3 a6 7. Bg2 h5 8. h3
Nf6 9. O-O Bc5 10. Nb3 Ba7 11. Bf4 Ne5 12. Qd2 d6 13. Rad1 Nc4 14. Bxd6 Qxd6 15.
Qxd6 Nxd6 16. Rxd6 Nd7 17. Kh1 Ne5 18. Rdd1 Nc4 19. Nd2 Nxb2 20. Rb1 Bd4 21. Ne2
Bf6 22. f4 Na4 23. e5 Be7 24. Bxb7 Bxb7+ 25. Rxb7 Nc5 26. Rb4 O-O 27. Rc4 Rfd8
28. Nf3 Rab8 29. Ned4 Rdc8 30. Kg2 Bf8 31. Nd2 Nd7 32. Rxc8 Rxc8 33. Rb1 Bc5 34.
N4f3 Nb6 35. c4 Be3 36. Rb3 Bc5 37. Ng5 Rc6 38. Nde4 Bf8 39. c5 Nd5 40. Rb7 f6
41. Nf7 f5 42. Neg5 Rxc5 43. Rb8 Rc2+ 44. Kf3 Rc3+ 45. Kf2 h4 46. gxh4 Nxf4 47.
Nd8 Nd3+ 48. Ke2 Nxe5 49. Ndxe6 Nd7 50. Rd8 Rc2+ 51. Kd1 1-0

[Event "World Rapid 2025"]
[Site "Doha QAT"]
[Date "2025.12.27"]
[Round "9.27"]
[White "Van Foreest, Jorden"]
[Black "Zemlyanskii, Ivan"]
[Result "1/2-1/2"]
[WhiteTitle "GM"]
[BlackTitle "GM"]
[WhiteElo "2692"]
[BlackElo "2592"]
[WhiteFideId "1039784"]
[BlackFideId "24249971"]
[EventDate "2025.12.26"]

1. e4 c5 2. Nf3 e6 3. g3 Nc6 4. Bg2 Nf6 5. Qe2 e5 6. O-O Be7 7. Nc3 O-O 8. Nd5
d6 9. c3 a5 10. a4 Be6 11. Ne1 Ne8 12. d3 f5 13. exf5 Bxf5 14. f4 Be6 15. Nxe7+
Qxe7 16. Nf3 exf4 17. Bxf4 Qd7 18. Rae1 Bg4 19. h3 Bxh3 20. Bxh3 Qxh3 21. Ng5
Qd7 22. Qe4 Nf6 23. Qe6+ Qxe6 24. Nxe6 Rfe8 25. Bxd6 b6 26. Nf4 Rac8 27. Kg2
Rxe1 28. Rxe1 Kf7 29. Rf1 Kg8 30. Re1 Kf7 31. Ne6 h6 32. Nc7 Rd8 33. Nb5 Ne8 34.
Rf1+ Ke6 35. Bc7 Rxd3 36. Bxb6 Rd2+ 37. Rf2 Rxf2+ 38. Kxf2 Kd5 39. Ke3 g5 40.
Kd3 c4+ 41. Ke3 Nf6 42. Nd4 Ng4+ 43. Ke2 Nxd4+ 44. cxd4 h5 45. Bd8 Nh6 46. Bxg5
Nf5 47. Bd2 Nxg3+ 48. Kf3 Nf5 49. Bxa5 Nxd4+ 50. Kg3 Nb3 51. Be1 Nc5 52. a5 Kc6
53. Kh4 Na4 54. Kxh5 Nxb2 55. Kg4 Kb5 56. Kf3 Nd3 57. Bc3 Nc5 1/2-1/2

[Event "World Rapid 2025"]
[Site "Doha QAT"]
[Date "2025.12.27"]
[Round "9.28"]
[White "Goutham Krishna H"]
[Black "Ivanchuk, Vasyl"]
[Result "0-1"]
[WhiteTitle "IM"]
[BlackTitle "GM"]
[WhiteElo "2433"]
[BlackElo "2607"]
[WhiteFideId "25983504"]
[BlackFideId "14100010"]
[EventDate "2025.12.26"]

1. b3 b6 2. Bb2 Bb7 3. Nf3 e6 4. c4 Nf6 5. g3 c5 6. Bg2 Be7 7. O-O O-O 8. d4
cxd4 9. Qxd4 d6 10. Nc3 a6 11. e4 Nbd7 12. Qe3 Re8 13. h3 Bf8 14. Nd4 g6 15.
Rad1 Qc7 16. Rfe1 Rad8 17. Nc2 Bg7 18. Nb4 Nc5 19. Nd3 Nfd7 20. Re2 Nb8 21. Nb4
Nbd7 22. Red2 Nf6 23. Qf4 Nh5 24. Qe3 Nf6 25. Qf4 Nh5 26. Qf3 Bh6 27. Rc2 Bg7
28. Qe3 Nf6 29. Qe1 Rd7 30. Nd3 Red8 31. Nc1 Bc6 32. Qe3 Qb7 33. Re2 Nfxe4 34.
Nxe4 Bxb2 35. Rxb2 Bxe4 36. f3 Bc6 37. b4 Na4 38. Rbd2 d5 39. c5 bxc5 40. bxc5
Nb2 41. Qd4 Nxd1 42. Rxd1 Bb5 43. Nb3 Qc7 44. f4 Rc8 45. h4 Bc4 46. Rc1 h5 47.
Bf1 Qc6 48. g4 Qa4 49. Nd2 Bb5 50. Qf6 Qa5 51. gxh5 Qd8 52. Qd4 Qxh4 53. Nf3
Qxh5 54. Kg2 Qg4+ 55. Kf2 Qf5 56. Ne5 Rdc7 57. Bxb5 axb5 58. Rh1 Rxc5 59. Nf3 f6
60. Re1 Rc2+ 61. Kg3 R2c4 62. Qd2 Rc3 63. Qd4 R8c4 64. Qd2 0-1

[Event "World Rapid 2025"]
[Site "Doha QAT"]
[Date "2025.12.27"]
[Round "9.29"]
[White "Lu, Shanglei"]
[Black "Mendonca, Leon Luke"]
[Result "1/2-1/2"]
[WhiteTitle "GM"]
[BlackTitle "GM"]
[WhiteElo "2643"]
[BlackElo "2615"]
[WhiteFideId "8603332"]
[BlackFideId "35028561"]
[EventDate "2025.12.26"]

1. e4 e6 2. d4 d5 3. e5 Bd7 4. c3 a6 5. h4 Bb5 6. h5 Bxf1 7. Kxf1 c5 8. Nf3 Nc6
9. Qd3 Qb6 10. dxc5 Bxc5 11. b4 Be7 12. Na3 Nh6 13. Bxh6 gxh6 14. Nc2 Rc8 15.
Rh3 Qc7 16. Re1 Nb8 17. Nfd4 Qc4 18. f4 Rg8 19. Re2 Qxd3 20. Rxd3 Nc6 21. Kf2
Bd8 22. Kf3 Nxd4+ 23. Nxd4 Bb6 24. Nb3 Ke7 25. Rc2 Rc7 26. Nd2 Rgc8 27. a4 Ba7
28. a5 b6 29. axb6 Bxb6 30. c4 a5 31. bxa5 Bxa5 32. Ra2 dxc4 33. Nxc4 Rxc4 1/2-1/2

[Event "World Rapid 2025"]
[Site "Doha QAT"]
[Date "2025.12.27"]
[Round "9.30"]
[White "Sargsyan, Shant"]
[Black "Amar, Elham"]
[Result "1/2-1/2"]
[WhiteTitle "GM"]
[BlackTitle "GM"]
[WhiteElo "2665"]
[BlackElo "2592"]
[WhiteFideId "13306766"]
[BlackFideId "1533533"]
[EventDate "2025.12.26"]

1. e4 c6 2. d4 d5 3. exd5 cxd5 4. Bd3 Nc6 5. c3 Qc7 6. h3 Nf6 7. Nf3 g6 8. Qc2
Bg7 9. O-O O-O 10. Re1 e6 11. Nbd2 b6 12. Nf1 Bb7 13. Ng3 a6 14. Be3 b5 15. Qd2
Rfc8 16. Bh6 Bh8 17. h4 b4 18. h5 bxc3 19. bxc3 Ne7 20. Rac1 Ng4 21. Bf4 Qd7 22.
Ne5 Nxe5 23. Bxe5 f6 24. Bf4 Bg7 25. Qe2 Kf7 26. Qg4 Bc6 27. Re3 Re8 28. Rce1
Nf5 29. Rf3 Bb5 30. Bb1 Rac8 31. Bd2 Bc4 32. Ne2 Bxe2 33. Rxe2 Rb8 34. Bd3 Rb2
35. hxg6+ 1/2-1/2

[Event "World Rapid 2025"]
[Site "Doha QAT"]
[Date "2025.12.27"]
[Round "9.31"]
[White "Dudin, Gleb"]
[Black "Moussard, Jules"]
[Result "1/2-1/2"]
[WhiteTitle "GM"]
[BlackTitle "GM"]
[WhiteElo "2585"]
[BlackElo "2600"]
[WhiteFideId "34184934"]
[BlackFideId "642908"]
[EventDate "2025.12.26"]

1. c4 e6 2. Nc3 d5 3. d4 Nf6 4. cxd5 exd5 5. Bg5 Be7 6. e3 h6 7. Bh4 Bg4 8. Nge2
O-O 9. f3 Bc8 10. Nc1 c5 11. Bd3 Nc6 12. N1e2 Re8 13. O-O Be6 14. Nf4 cxd4 15.
Nxe6 fxe6 16. exd4 Nxd4 17. Bg6 Nf5 18. Bf2 Rf8 19. Qe2 Qd7 20. Rfe1 d4 21. Rad1
Bc5 22. Qc4 Nd5 23. Qxc5 dxc3 24. Qxc3 Rf6 25. Bh5 Qa4 26. Qe5 Qxa2 27. Bg4 Raf8
28. Ra1 Qb3 29. Rxa7 Rg6 30. Ra3 Qb4 31. h3 b6 32. Ra7 Kh7 33. h4 Rxg4 34. fxg4
Qxg4 35. Re4 Qd1+ 36. Re1 Qg4 37. Re4 1/2-1/2

[Event "World Rapid 2025"]
[Site "Doha QAT"]
[Date "2025.12.27"]
[Round "9.32"]
[White "Chigaev, Maksim"]
[Black "Karthik, Venkataraman"]
[Result "1/2-1/2"]
[WhiteTitle "GM"]
[BlackTitle "GM"]
[WhiteElo "2626"]
[BlackElo "2589"]
[WhiteFideId "4108116"]
[BlackFideId "25006479"]
[EventDate "2025.12.26"]

1. Nf3 d5 2. g3 c6 3. Bg2 Bf5 4. O-O e6 5. d3 h6 6. Qe1 Nf6 7. Nbd2 Be7 8. b3 a5
9. a3 O-O 10. Bb2 Na6 11. e4 Bh7 12. Kh1 Nd7 13. Ng1 Nc7 14. f4 a4 15. b4 c5 16.
bxc5 Nxc5 17. g4 b5 18. f5 dxe4 19. dxe4 N7a6 20. e5 Re8 21. Ne2 Bh4 22. Ng3 Rc8
23. Qe2 Bxg3 24. hxg3 exf5 25. gxf5 Qg5 26. Bh3 Rcd8 27. Nf3 Qxg3 28. Qg2 Qxg2+
29. Kxg2 g6 30. Rae1 gxf5 31. Bc1 Re6 32. Nh4 Rde8 33. Nxf5 Bxf5 34. Rxf5 Rg6+
35. Kh2 Ne6 36. Rf6 Nac5 37. Bf5 Nd7 38. Rxg6+ fxg6 39. Bxg6 Re7 40. Bxh6 Nd4
41. Rf1 Rxe5 42. Rf7 Re6 43. Rg7+ Kh8 44. Rxd7 Rxg6 45. Rxd4 Rxh6+ 46. Kg3 Rc6
47. Rb4 Rxc2 48. Rxb5 Rc3+ 49. Kf2 Rxa3 50. Ra5 Ra1 51. Ke2 a3 52. Kd2 a2 53.
Kc2 Rf1 54. Rxa2 1/2-1/2

[Event "World Rapid 2025"]
[Site "Doha QAT"]
[Date "2025.12.27"]
[Round "9.33"]
[White "Meng, Yihan"]
[Black "Pranav, V"]
[Result "1-0"]
[WhiteTitle "IM"]
[BlackTitle "GM"]
[WhiteElo "2456"]
[BlackElo "2641"]
[WhiteFideId "8631891"]
[BlackFideId "25060783"]
[EventDate "2025.12.26"]

1. e4 Nc6 2. Nf3 d6 3. d4 Nf6 4. Bd3 g6 5. h3 Bg7 6. a3 O-O 7. O-O e5 8. dxe5
dxe5 9. Nc3 Be6 10. Be3 h6 11. Qc1 Kh7 12. Rd1 Qc8 13. Bb5 Nd7 14. Na4 f5 15.
Nc5 Nxc5 16. Bxc5 Rf7 17. exf5 gxf5 18. Bxc6 bxc6 19. Re1 Qh8 20. Qe3 e4 21. Nd4
Re8 22. f4 Bd7 23. Bxa7 Bf6 24. Kh2 Qg7 25. Bc5 Rg8 26. Rg1 h5 27. a4 Qh6 28. a5
h4 29. Ne2 Be6 30. Ra4 Rfg7 31. a6 Bf7 32. a7 Ra8 33. Rb4 Bh5 34. Rb8 Rg8 35.
Rxa8 Rxa8 36. Nd4 Bg6 37. Nxc6 Be8 38. Nd4 Bd7 39. Rf1 Qg7 40. Rd1 Rg8 41. Rd2
Qg6 42. Qb3 e3 43. Qxe3 Bxd4 44. Bxd4 Kh6 45. Qf2 Qg3+ 46. Qxg3 hxg3+ 47. Kg1
Bc6 48. Rd3 Be4 49. Rd2 Re8 50. Kf1 Re6 51. Re2 Ra6 52. Re3 Ra4 53. c3 Ra5 54.
Rxg3 c5 55. Be3 Rxa7 56. Bxc5 Ra1+ 57. Kf2 Rb1 58. Ba3 Rc1 59. Rg5 Rc2+ 60. Kg1
Rc1+ 61. Kh2 Rc2 62. h4 Rf2 63. Bf8+ Kh7 64. Bd6 Rxb2 65. c4 Rc2 66. c5 Kh6 67.
Kg1 Rc1+ 68. Kf2 Rc2+ 69. Ke3 Rc4 70. g3 Ra4 71. c6 Bxc6 72. Rxf5 Re4+ 73. Kf2
Bd7 74. Bf8+ Kg6 75. Rg5+ Kf6 76. Bg7+ Kf7 77. h5 Rc4 78. h6 Rc2+ 79. Ke3 Rh2
80. f5 Bc8 81. g4 Rh3+ 82. Kf4 Ba6 83. Rg6 Be2 84. Rf6+ Ke7 85. Re6+ 1-0

[Event "World Rapid 2025"]
[Site "Doha QAT"]
[Date "2025.12.27"]
[Round "9.34"]
[White "Madaminov, Mukhiddin"]
[Black "Kozak, Adam"]
[Result "1/2-1/2"]
[WhiteTitle "GM"]
[BlackTitle "GM"]
[WhiteElo "2552"]
[BlackElo "2546"]
[WhiteFideId "14210703"]
[BlackFideId "753246"]
[EventDate "2025.12.26"]

1. e4 e5 2. Nf3 Nc6 3. Bb5 a6 4. Ba4 Nf6 5. O-O Be7 6. d3 d6 7. c4 O-O 8. h3 Rb8
9. Nc3 Nd4 10. b4 Nxf3+ 11. Qxf3 c6 12. Bd1 Be6 13. a3 d5 14. Be2 a5 15. cxd5
cxd5 16. Qg3 axb4 17. axb4 Rc8 18. exd5 Nxd5 19. Bh6 Bg5 20. Bxg5 Nxc3 21. Bh5
f6 22. Bh6 Qd7 23. Rfc1 Nb5 24. Bd2 Nd4 25. Bd1 Kh8 26. Qe3 Bf5 27. Rc4 Rcd8 28.
Rc3 Nb5 29. Ba4 Ra8 30. Rca3 Rac8 31. Bxb5 Qxb5 32. d4 exd4 33. Qxd4 Rcd8 34.
Qf4 Qd5 35. Be3 Bd7 36. Ra5 Qe6 37. b5 Rfe8 38. Qc7 Qd5 39. b6 Qe4 40. Qf4 Qg6
41. Kh2 Bc6 42. Qg3 Qf7 43. Rc1 Qe6 44. Rac5 Rd5 45. R5c4 h5 46. Bf4 Rb5 47. Rc5
Rxb6 48. Rxh5+ Kg8 49. Qh4 Rb5 50. Rh8+ Kf7 51. Rxe8 Qxe8 52. Qg3 Qe4 53. Rd1
Qg6 54. Qxg6+ Kxg6 55. Rd8 Kf7 56. h4 Rb4 57. Kg3 Rb3+ 58. Be3 Rb1 59. Rc8 Rd1
60. f3 Rd5 1/2-1/2

[Event "World Rapid 2025"]
[Site "Doha QAT"]
[Date "2025.12.27"]
[Round "9.35"]
[White "Dardha, Daniel"]
[Black "Pranav, Anand"]
[Result "0-1"]
[WhiteTitle "GM"]
[BlackTitle "GM"]
[WhiteElo "2603"]
[BlackElo "2591"]
[WhiteFideId "240990"]
[BlackFideId "46626786"]
[EventDate "2025.12.26"]

1. e4 c5 2. Nc3 d6 3. Bb5+ Bd7 4. Bxd7+ Qxd7 5. d4 cxd4 6. Qxd4 Nc6 7. Qd3 g6 8.
Nf3 Bg7 9. O-O Nf6 10. Nd5 O-O 11. Bg5 Ne8 12. c3 e6 13. Ne3 f5 14. exf5 gxf5
15. Rfe1 h6 16. Bh4 Qf7 17. Nc4 e5 18. Nxd6 Nxd6 19. Qxd6 Rae8 20. Rad1 Qxa2 21.
b4 a6 22. h3 Qf7 23. Qd5 e4 24. Qxf7+ Rxf7 25. Nd4 Nxd4 26. cxd4 Rd7 27. g4 f4
28. d5 Bc3 29. Re2 f3 30. Re3 Bxb4 31. Rd4 Bc5 32. Rdxe4 Rxe4 33. Rxe4 Rxd5 34.
Re6 Kg7 35. Bg3 a5 36. Bf4 a4 37. Bxh6+ Kf7 38. Re4 Bd6 39. Bf4 a3 40. Bxd6 Rxd6
41. Rb4 a2 42. Rxb7+ Kf6 43. Ra7 Rd1+ 0-1

[Event "World Rapid 2025"]
[Site "Doha QAT"]
[Date "2025.12.27"]
[Round "9.36"]
[White "Bu, Xiangzhi"]
[Black "Ahmad, Khagan"]
[Result "0-1"]
[WhiteTitle "GM"]
[BlackTitle "IM"]
[WhiteElo "2665"]
[BlackElo "2472"]
[WhiteFideId "8601445"]
[BlackFideId "13431552"]
[EventDate "2025.12.26"]

1. Nf3 c5 2. e3 Nf6 3. d4 cxd4 4. exd4 d5 5. Ne5 Nc6 6. Bb5 Bd7 7. Nxd7 Qxd7 8.
c3 a6 9. Bd3 e5 10. dxe5 Nxe5 11. O-O Bd6 12. Bf4 Nxd3 13. Bxd6 Nxf2 14. Rxf2
Qxd6 15. Re2+ Kd7 16. Nd2 Rae8 17. Nf3 Rxe2 18. Qxe2 Re8 19. Qf2 Kc7 20. Rd1 Qf4
21. Qc5+ Kb8 22. h3 Re2 23. Re1 Rxe1+ 24. Nxe1 Ne4 25. Qf8+ Ka7 26. Nf3 g6 27.
Nd4 Qc1+ 28. Kh2 Qxb2 29. Qxf7 Qxc3 30. Qxd5 Qc7+ 31. Kh1 Ng3+ 32. Kg1 Qb6 33.
Kh2 Nf1+ 34. Kh1 Ne3 35. Qe4 Nd1 36. Qf4 Nc3 37. a3 Nb1 38. a4 Nc3 39. Nf3 Qb1+
40. Kh2 Qe4 41. Qc7 Nxa4 42. Qxh7 Qf4+ 43. Kh1 Qd6 44. Nh4 Nc3 45. Qh6 Qd4 46.
Nf3 Qd1+ 47. Kh2 Qd6+ 48. Kh1 Qb6 49. Qd2 Ne4 50. Qd5 Ng3+ 51. Kh2 Nf1+ 52. Kh1
a5 53. Ne5 Ng3+ 54. Kh2 Ne2 55. Nf3 Qc7+ 56. Kh1 a4 57. Qb5 Ng3+ 58. Kh2 Ne4+
59. Kh1 Qc1+ 60. Kh2 Qc6 61. Qe2 Qc7+ 62. Kg1 Qc1+ 63. Kh2 Qh1+ 0-1

[Event "World Rapid 2025"]
[Site "Doha QAT"]
[Date "2025.12.27"]
[Round "9.37"]
[White "Murzin, Volodar"]
[Black "Sanal, Vahap"]
[Result "0-1"]
[WhiteTitle "GM"]
[BlackTitle "GM"]
[WhiteElo "2648"]
[BlackElo "2546"]
[WhiteFideId "44155573"]
[BlackFideId "6300545"]
[EventDate "2025.12.26"]

1. d4 Nf6 2. Nf3 b6 3. Bf4 Bb7 4. Nbd2 g6 5. h3 Bg7 6. e3 O-O 7. Be2 c5 8. O-O
d6 9. c3 Nbd7 10. a4 a6 11. Bh2 Qc7 12. Bd3 cxd4 13. exd4 Rfe8 14. Re1 Nd5 15.
Qb3 Bc6 16. Re2 b5 17. axb5 axb5 18. Rae1 N7f6 19. Ne4 Nxe4 20. Bxe4 Qb7 21. Nd2
Rac8 22. Bf3 Nf6 23. Bxc6 Rxc6 24. c4 Rcc8 25. cxb5 Kf8 26. Nb1 Qd5 27. Qa4 Rc4
28. Qa6 Ra8 29. Nc3 Rxc3 30. bxc3 Rxa6 31. bxa6 Qa5 32. Rxe7 Qxa6 33. Rc7 Bh6
34. Bg3 Nd5 35. Rd7 Bf4 36. Bh4 g5 37. Bg3 Bxg3 38. fxg3 Qc6 39. Rd8+ Kg7 40. c4
Qb6 41. Rd7 Nf6 42. Rde7 Qxd4+ 43. Kh2 Qxc4 44. Rb7 Ne4 45. Re7 Nxg3 0-1